000 00333pam a2200157a 44500
008 230515b2001 xxu||||| |||| 00| 0 eng d
020 _aNULL
041 _aENGLISH
082 _a630
100 _aPHAKATKAR H G
245 _aTHEORY OF MACHINES - I
250 _a0
260 _aN
_bN/A
_c2001
300 _a611
650 _aNULL
999 _c651185
_d651185